Lecciones de derecho de las personas : (Registro nro. 25006)
[ vista simple ]
| 000 -Cabecera | |
|---|---|
| Campo de control interno | 00512nam a2200181Ia 4500 |
| 005 - Fecha y hora del registro | |
| control field | 20260414151121.0 |
| 008 - Elementos de Longitud Fija | |
| fixed length control field | 260414t2024||||xx |||||||||||||| ||spa|| |
| 041 ## - Idioma | |
| Codigo Idioma | ESP |
| 082 ## - DEWEY y NOTACIÓN INTERNA | |
| Dewey | 346.1 |
| Notación Interna | C17 |
| 100 ## - AUTOR | |
| Autor denominación | Calderón Puertas, Carlos, |
| Término de relación | autor |
| 245 #0 - TÍTULO DE MATERIAL BIBLIOGRÁFICO | |
| Título | Lecciones de derecho de las personas : |
| Título paralelo | istoria, sujetos de derecho, concebido, igualdad, identidad, muerte |
| 260 ## - CIUDAD, EDITORIAL, AÑO | |
| Año | 2024 |
| 300 ## - DESCRIPCIÓN | |
| N° Páginas | 367 páginas : |
| Dimensiones | 25 cm. |
| 650 ## - TEMAS | |
| Temas | Derecho |
| 654 ## - PROGRAMAS | |
| Programa | Dpto. de Derecho y Ciencia Política |
| 942 ## - ELEMENTOS DE KOHA | |
| Tipo de documento | Libro |
| Nombre del creador | Justo Noguera |
| Código de catalogador | Justo Noguera |
| Esquema de clasificación | Dewey Decimal Classification |
| Suppress in OPAC | |
| Codigo completo | Registro | Colección | Copia número | Disponibilidad | Tipo de préstamo | Biblioteca Actual | Procedencia (Biblioteca) | Ubicacón | Fecha Ingreso | Tipo de Adquisición | Date last seen | Total checkouts | Price effective from | Tipo de Item | Estado del Material | Damaged status | Withdrawn status |
|---|---|---|---|---|---|---|---|---|---|---|---|---|---|---|---|---|---|
| 346.1 C17 | 1081298 | Universidad Católica San Pablo | 1 | Disponible | Disponible | Víctor Andrés Belaunde | Víctor Andrés Belaunde | Primer piso | 14/04/2026 | Suscripción | 14/04/2026 | 14/04/2026 | Libro | Bueno |




